000 00472nam a2200133Ia 4500
008 170516s9999 xx 000 0 und d
245 4 _aThe many faces of pulmonary aspergillosis: Imaging findings with pathologic correlation
260 _bRadiology of Infectious Diseases
260 _c2016
300 _a:
650 _xRadiologic Technology
650 _xRadtech
856 _uhttps://www.journals.elsevier.com/radiology-of-infectious-diseases/most-downloaded-articles
999 _c332897
_d332897